000 00461pab a2200169 454500
008 180718b1996 xxu||||| |||| 00| 0 eng d
100 _aSanders, David
245 _aNew labour, new Machiavelli: a cynic's guide to economic policy
260 _c1996
300 _ap.290-302
362 _aOct-Dec
650 _aGreat Britain - Economic policy
650 _aEconomic planning
650 _aEconomic policy
773 _aPolitical Quarterly
909 _a32838
999 _c32838
_d32838